Diseño de una transportadora y lanzadora de concreto y mortero para obras de mediano y pequeño tamaño
Guardado en:
| Autor principal: | |
|---|---|
| Otros Autores: | , , |
| Formato: | Libro |
| Lenguaje: | Spanish |
| Publicado: |
[San José , Costa Rica]
2019
|
| Materias: | |
| Etiquetas: |
Agregar Etiqueta
Sin Etiquetas, Sea el primero en etiquetar este registro!
|
MARC
| LEADER | 00000nam a22000007a 4500 | ||
|---|---|---|---|
| 003 | 013040 | ||
| 005 | 20230526151705.0 | ||
| 008 | 190510b2019 cr a|||| ||m| 00| 0 spa d | ||
| 040 | |c cru CEDI | ||
| 100 | |9 573 |a Leandro Flores, Lucía, 1994- | ||
| 245 | |a Diseño de una transportadora y lanzadora de concreto y mortero para obras de mediano y pequeño tamaño | ||
| 260 | |a [San José , Costa Rica] |c 2019 | ||
| 500 | |a Proyecto de graduación (licenciatura en ingeniería mecánica)--Universidad de Costa Rica. Facultad de Ingeniería. Escuela de Ingeniería Mecánica | ||
| 501 | |a Director de Proyecto de Graduación: Mag. Hernán Bastos Matarrita | ||
| 650 | |x DISEÑO DE MAQUINAS |x ANALISIS DE COSTOS |x INGENIERÍA MECÁNICA |x ANALISIS DE MERCADEO |x INDUSTRIA DE LA CONSTRUCCION - MAQUINARIA - COSTA RICA | ||
| 700 | |9 574 |a Sáurez Apuy, Andrés, 1995- | ||
| 700 | |9 16761 |a Vargas Rivera, Karen | ||
| 700 | |9 575 |a Bastos Matarrita, Hernán Roberto,1975- | ||
| 942 | |c CEDI |h TFG 8190 |6 TFG_8190_000000000000000 | ||
| 999 | |c 21682 |d 21682 | ||
